| 000 | 00836nam a2200217 a 4500 | ||
|---|---|---|---|
| 001 | 000005207 | ||
| 005 | 20200929151617.0 | ||
| 008 | 090818s1988 sp ac 001 0 spa d | ||
| 020 | _a8400068173 | ||
| 040 | _aDO-SdBNP | ||
| 082 |
_axxxx _bC143p |
||
| 100 | 1 |
_aMaría de los Ángeles, Calatayud Arinero _914876 |
|
| 245 | 1 | 0 |
_aPedro Franco Dávila : _bprimer director del Real Gabinete de Historia Natural fundado por Carlos III / _cCalatayud Arinero, María de los Ángeles. |
| 260 |
_aMadrid : _bCSIC, _c1988. |
||
| 300 |
_a251 p. : _bil., retrs. ; _c21 cm. |
||
| 504 | _aIncluye referencias bibliográficas y notas al pie de las páginas | ||
| 504 | _aIncluye bibliografías (p. 151--154) | ||
| 600 | 1 | 4 |
_aFRANCO DÁVILA, PEDRO _d1711-1786 _914877 |
| 710 | 1 |
_aConsejo Superior de Investigaciones Científicas _94786 |
|
| 049 | _aBNPD | ||
| 999 |
_c5009 _d5009 |
||